Preduslovi za normalno funkcionirane na pazarot vo Republika Makedonija
Guardado en:
| Formato: | Libro |
|---|---|
| Lenguaje: | macedonio |
| Publicado: |
Skopje
Ekonomski institut
2000
|
| Materias: | |
| Etiquetas: |
Sin Etiquetas, Sea el primero en etiquetar este registro!
|
MARC
| LEADER | 00000nam a2200000 4500 | ||
|---|---|---|---|
| 001 | c134366 | ||
| 005 | 20221221083259.6 | ||
| 020 | |a 9989-9707-3-3 | ||
| 041 | 0 | |a mac | |
| 044 | |a MK | ||
| 245 | 1 | 0 | |a Preduslovi za normalno funkcionirane na pazarot vo Republika Makedonija |
| 264 | 1 | |a Skopje |b Ekonomski institut |c 2000 | |
| 300 | |a 167 s. | ||
| 610 | 2 | 0 | |a trh |
| 610 | 2 | 0 | |a štát |
| 610 | 2 | 0 | |a regulácia trhu |
| 610 | 2 | 0 | |a informácie |
| 610 | 2 | 0 | |a inštitúcia |
| 610 | 2 | 0 | |a makroekonomika |
| 610 | 2 | 0 | |a mikroekonomika |
| 610 | 2 | 0 | |a Macedónsko |